000 00958nam a22002175i 4500
001 167542
003 ES-MaACL
005 20250815110029.0
008 940301m18601861sp a |||| | spa d
040 _aAS
_bspa
100 1 _aVilanova y Piera, Juan,
_d1821-1893
_9114785
245 1 0 _aManual de geologia aplicada a la agricultura y a las artes industriales /
_cpor Juan Vilanova y Piera.
260 _aMadrid :
_b[s.n.],
_c1860-1861 (
_fImprenta Nacional)
300 _a3 v. :
_bil. ;
_c24 cm.
500 1 _aObra premiada por S.M. en concurso público, a propuesta de la Real Academia de Ciencias.
597 1 _aVol. I. (43, [4], XIX, 384 p.) -- vol. II. (712 p., [3] h. de diagr. pleg.) -- vol. III. ( [104] p., [43] h. de lám., [9] h. de lám. pleg.)
599 1 _aVol.3, atlas de grabados de Camilo Alabern.
650 7 _aGeología aplicada
_2embne
_9152029
852 _aES-MaACL
_jF-13171-73
_z-- Enc. hol.
999 _c167542
_d167542